000 00404nam a2200169Ia 4500
001 9150
003 IN-NITTTR
005 20251114233044.0
008 251113s9999||||xx |||||||||||||| ||eng||
040 _beng
040 _cIN-NITTTR
041 _aeng
082 _a615.535 S27M
100 _aScience of Life books,
245 0 _aMassage at your fingertips. /
_cScience of Life books
942 _2ddc
_cBK
999 _c11787
_d11787